Score 0/25 Timer 05:00
0 Plays Today
% Correct
Confused Cat
99.6%
Confused Baby
97.2%
Confused Panda
97.1%
Very Confused Koala
96.7%
Confused Goldfish
96.4%
Confused Tiger
96.2%
Confused Cow
95.8%
Confused Dog
95.6%
Confused Camel
95.6%
Confused Penguin
95.5%
Confused Polar Bear
94.9%
Confused Tango Partners
94.9%
Confused Sea Lion
94.6%
% Correct
Confused Giraffe
93.3%
Confused Grasshopper
90.4%
Confused Otter
89.6%
Confused Pigeon
86.1%
Confused Slug
86.1%
Confused Canada Goose
82.8%
Confused Moose
79.1%
Confused Owl
78.6%
Confused Meerkat
77.9%
Confused Squirrel
74%
Confused Capuchin
12.6%
Confused Tarsier
8.3%
Remove Ads.
Support Sporcle.
Get the best of Sporcle when you Go Orange. This ad-free experience offers more features, more stats, and more fun while also helping to support Sporcle. Thank you for becoming a member.

You're not logged in!

Compare scores with friends on all Sporcle quizzes.
OR
Log In

Show Comments

Extras

Top Quizzes Today


Score Distribution

Your Account Isn't Verified!

In order to create a playlist on Sporcle, you need to verify the email address you used during registration. Go to your Sporcle Settings to finish the process.

Report this User

Report this user for behavior that violates our Community Guidelines.

Details: